Public Relations in India (Record no. 2249)

MARC details
000 -LEADER
fixed length control field 00397nam a22001697a 4500
005 - DATE AND TIME OF LATEST TRANSACTION
control field 20160531130027.0
008 - FIXED-LENGTH DATA ELEMENTS--GENERAL INFORMATION
fixed length control field 160531b xxu||||| |||| 00| 0 eng d
020 ## - INTERNATIONAL STANDARD BOOK NUMBER
ISBN 81-7023-334-8
041 ## - LANGUAGE CODE
Language code of text/sound track or separate title eng
082 ## - DEWEY DECIMAL CLASSIFICATION NUMBER
Item number 6397
100 ## - MAIN ENTRY--AUTHOR NAME
Personal name Mehta, D.S.
245 ## - TITLE STATEMENT
Title Public Relations in India
260 ## - PUBLICATION, DISTRIBUTION, ETC. (IMPRINT)
Name of publisher Allied Publishing Ltd
Year of publication 2001
300 ## - PHYSICAL DESCRIPTION
Number of Pages 315
650 ## - SUBJECT ADDED ENTRY--TOPICAL TERM
Topical Term Management
942 ## - ADDED ENTRY ELEMENTS (KOHA)
Koha item type Books
Holdings
Lost status Damaged status Home library Current library Shelving location Date acquired Cost, normal purchase price Full call number Accession Number Koha item type Collection code
    JRU Library   SHELF-62 -N 31/05/2016 150.00 6397 6397 Books  
    JRU Library JRU Library SHELF-71-G 31/05/2016 150.00 6397 6398 Books MANAGEMENT